000 00919nam a2200277Ia 4500
005 20220316235440.0
008 121119s2003 sp a gr 000 j spa
020 _a8426120679
041 1 _aspa
100 1 _aOxenbury, Helen
245 1 3 _aLa visita
_ctexto e ilustraciones de Helen Oxenbury ; traducción de Concepción Zendrera
250 _aCuarta edición
300 _a24 páginas
_bilustraciones
_c22 cm.
490 0 _aMis primeros libros de imágenes
650 1 4 _2LEMB
_aCuentos infantiles ingleses
650 1 4 _2LEMB
_aLiteratura infantil inglesa
700 1 _aOxenbury, Helen
_dilustrador
_9101920
700 1 _aZendrera, Concepción
_etraductor
_912015
942 _2loc
_cBKINF
264 _aBarcelona
_bJuventud
_c2003
336 _atexto
_btxt
_2rdacontent
337 _asin mediación
_bn
_2rdamedia
338 _avolumen
_bnc
_2rdacarrier
040 _aCO-BoRNBP
_bspa
_erda
_cCO-BoRNBP
084 _aA OXE1
999 _c996
_d996